| 000 | 01207nam a2200385 a 4500 | ||
|---|---|---|---|
| 001 | 22653 | ||
| 003 | SK-KTurca | ||
| 005 | 20260415133914.0 | ||
| 008 | 240318s2007 xo a c 000 p slo | ||
| 015 | _aSNBA2008/02-00615 | ||
| 020 |
_a9788055115184 _q(viaz.) |
||
| 035 | _a9250FADB-641E-42D5-A329-A98434D9A55F | ||
| 035 | _aurn:nbn:sk:snk-amkz4m | ||
| 035 | _aurn:nbn:sk:snk-am008pec | ||
| 040 |
_aSNK _bslo _cSNK _eAACR2 |
||
| 041 | 0 | _aslo | |
| 044 |
_axo _cSK |
||
| 072 | 7 |
_a821.162.4-1 _xSlovenská poézia _2konspekt |
|
| 072 | 7 |
_a821-93 _xLiteratúra pre deti a mládež _2konspekt |
|
| 080 |
_a821.162.4-1 _22001 |
||
| 080 |
_a821-93 _22001 |
||
| 100 | 1 |
_aPodjavorinská, Ľudmila, _d1872-1951 _4aut |
|
| 245 | 1 | 0 |
_aČin-čin _cĽudmila Podjavorinská ; [ilustrácie Karol Ondreička] |
| 250 | _a2. vyd. | ||
| 260 |
_aBratislava _bIkar _c2007 |
||
| 300 |
_a99 s. _bfareb. ilustr. _c21 cm |
||
| 500 | _aCelkovo 8. vyd. | ||
| 521 | _aPre deti predškolského veku a žiakov ZŠ | ||
| 655 | 7 |
_apublikácie pre deti _2SNKPH |
|
| 655 | 7 |
_aslovenská poézia _2SNKPH |
|
| 700 | 1 |
_aOndreička, Karol, _d1898-1961 _4ill |
|
| 942 |
_2ddc _cKLDE _n0 |
||
| 980 | _a821.162.4-1 | ||
| 980 | _a821-93 | ||
| 999 |
_c22653 _d22653 |
||